000 00553nam a2200181Ia 4500
999 _c1562
_d1562
020 _a81-7033-148-7
082 _a331.1109542 SIN-;
100 _aSingh, U.B.
245 0 _aHuman resources development: a case study of U.P. electronics corporation ltd., Lucknow
260 _aJaipur
_bRawat Publications
_c1992
300 _a171p.
504 _aIncludes index
650 _aMan power policy - Uttar Pradesh
650 _aHuman resource management
650 _aOrganizational change
650 _aPersonnel management - Uttar Pradesh
942 _cBK